000 00279nam a2200097Ia 4500
001 1299394
005 20260417170343.0
008 260417s9999 xx 000 0 und d
245 0 _aTÜRKİYE'Yİ GEZİYORUM 7 LEVENT SAMSUN'DA
_cMUSTAFA ORAKÇI
260 _bTİMAŞ ÇOCUK YAYINLARI
999 _c1299394
_d1299394